Deutschland - Allgemeinwissen #3 - Statistiken

Allgemein
  • Dieses Quiz wurde 15.553 mal gespielt
  • Das Durchschnittsergebnis liegt bei 12 aus 20
Antwortstatistiken
Frage Antwort % Korrekt
Wie hieß die Hauptstadt der Bundesrepublik Deutschland 1949-1990? Bonn
94%
In welcher Stadt befindet sich der größte Flughafen Deutschlands? Frankfurt
92%
Welche Parteien bilden die "Jamaika"-Koalition? CDU
86%
Welcher Fluss durchfließt Köln? Rhein
86%
Welche Parteien bilden die "Jamaika"-Koalition? GRÜNE
85%
Welche Parteien bilden die "Jamaika"-Koalition? FDP
84%
Welcher Fußballspieler schoss im WM-Finale 2014 das entscheidene Tor? Mario Götze
78%
Was ist die zweitgrößte ethnische Gruppe (nach den Deutschen)? Türkisch
74%
Welches Tor ist das einzig erhaltene von zuletzt 18 Berliner Stadttoren? Brandenburger Tor
70%
Welcher Buchstabe kommt nur in der deutschen Sprache vor? ß
69%
Welches ist das erfolgreichste Unternehmen im deutschen Lebensmittelhandel? Edeka
67%
Auf welche Gaspipelines wurde 2022 ein Anschlag verübt? Nord Stream & Nord Stream 2
59%
Gegen den Krieg in welchem Land stellte sich 2003 die Regierung unter Gerhard Schröder? Irak
49%
In welcher Burg versteckte sich Martin Luther, da er als "vogelfrei" erklärt wurde? Wartburg
43%
Durch welche Meeresströmung im Atlantik wird das Klima Deutschlands beeinflusst? Golfstrom
42%
Welcher Berg war bis 1918 aufgrund afrikanischer Kolonien der höchste Berg des Deutschen Reichs? Kilimandscharo
39%
Wie heißt das Medienangebot von ARD und ZDF, das sich besonders an junge Leute richtet? Funk
34%
Die Insolvenz welches Unternehmens sorgte für einen Skandal wegen Betrugs in Milliardenhöhe 2020? Wirecard
33%
Wie heißt die größte Insel der Ostfriesischen Inseln? Borkum
29%
Welcher deutsche Philosoph prägte den Begriff des „Übermenschen“? Friedrich Nietzsche
21%
Keine übereinstimmenden Quizze gefunden
Verteilung der Resultate
Anzahl Personen mit jedem Resultat
Perzentil nach korrekt beantworteten Fragen
Ihre Resultats-Entwicklung
Sie haben dieses Quiz noch nicht gespielt